[Event "St Petersburg Zenit-Spartak Fans"]
[Site "St Petersburg"]
[Date "2019.12.01"]
[Round "2.5"]
[White "Shidlovskiy, Artemiy"]
[Black "Pogosyan, Stefan"]
[Result "1/2-1/2"]
[WhiteElo "2186"]
[BlackElo "2459"]
[PlyCount "71"]
[EventDate "2019.12.01"]
[EventType "team-match (blitz)"]
[EventRounds "2"]
[EventCountry "RUS"]
[SourceTitle "CBM 193 Extra"]
[Source "ChessBase"]
[SourceDate "2020.01.31"]
[SourceVersion "1"]
[SourceVersionDate "2020.01.31"]
[SourceQuality "1"]
[WhiteTeam "Zenit"]
[BlackTeam "Spartak"]
[WhiteTeamCountry "RUS"]
[BlackTeamCountry "RUS"]

1. e4 c5 2. Nf3 e6 3. c3 Nf6 4. e5 Nd5 5. d4 cxd4 6. cxd4 d6 7. Bc4 Nc6 8. 0-0 Be7 9. Qe2 0-0 10. Rd1 a6 11. a4 Ncb4 12. Na3 b6 13. Nc2 Nxc2 14. Qxc2 Bb7 15. Qe2 Re8 16. Bd2 Qd7 17. b4 Rec8 18. Bd3 g6 19. b5 a5 20. Rac1 Nb4 21. Be4 Bxe4 22. Qxe4 d5 23. Qb1 Rc4 24. Rc3 Rac8 25. Rdc1 Rxc3 26. Rxc3 Rxc3 27. Bxc3 Qc7 28. Bd2 Qc4 29. Qc1 Na2 30. Qd1 Bb4 31. g3 Qd3 32. Kg2 Nc3 33. Qb3 Qc4 34. Qc2 Qa2 35. Qd3 Nxb5 36. axb5 1/2-1/2

[Event "St Petersburg Korchnoi Memorial op"]
[Site "St Petersburg"]
[Date "2018.08.19"]
[Round "5"]
[White "Vlasenko, Miroslav"]
[Black "Shidlovskiy, Artemiy"]
[Result "1-0"]
[WhiteElo "2410"]
[BlackElo "2129"]
[PlyCount "95"]
[EventDate "2018.08.15"]
[EventType "swiss"]
[EventRounds "9"]
[EventCountry "RUS"]
[SourceTitle "CBM 186 Extra"]
[Source "ChessBase"]
[SourceDate "2018.08.24"]
[SourceVersion "1"]
[SourceVersionDate "2018.08.24"]
[SourceQuality "1"]

1. d4 d5 2. c4 c6 3. Nc3 Nf6 4. Nf3 e6 5. e3 Nbd7 6. Qc2 Bd6 7. g4 Nxg4 8. Rg1 Qf6 9. Rxg4 Qxf3 10. Rxg7 Nf6 11. Rg5 Ne4 12. Nxe4 Qxe4 13. Qd1 Qh4 14. Rh5 Qf6 15. c5 Bc7 16. f4 b6 17. b4 bxc5 18. bxc5 a5 19. Qa4 Kd7 20. Bh3 Qg6 21. Rxd5+ Ke7 22. Rg5 Qd3 23. Qb3 Qxb3 24. axb3 Ba6 25. Bd2 Bd3 26. Bg2 Ra6 27. Ra3 Rb8 28. Bc3 Bb5 29. Kf2 Kf8 30. Be4 h6 31. Rg1 Rba8 32. Bc2 Bd8 33. Kf3 Bf6 34. Rga1 Bd8 35. e4 R8a7 36. Ke3 Ra8 37. h3 R8a7 38. Bd2 Ra8 39. Bd3 Bxd3 40. Kxd3 Rb8 41. Kc4 Rb5 42. b4 f6 43. d5 exd5+ 44. exd5 Rb7 45. dxc6 Rxc6 46. b5 Re6 47. Bxa5 Be7 48. Re1 1-0

[Event "St Petersburg Korchnoi Memorial op"]
[Site "St Petersburg"]
[Date "2018.08.15"]
[Round "1"]
[White "Zaliev, Rostislav"]
[Black "Shidlovskiy, Artemiy"]
[Result "1-0"]
[WhiteElo "1531"]
[BlackElo "2129"]
[PlyCount "107"]
[EventDate "2018.08.15"]
[EventType "swiss"]
[EventRounds "9"]
[EventCountry "RUS"]
[SourceTitle "CBM 186 Extra"]
[Source "ChessBase"]
[SourceDate "2018.08.24"]
[SourceVersion "1"]
[SourceVersionDate "2018.08.24"]
[SourceQuality "1"]

1. e4 c5 2. Nf3 d6 3. d4 cxd4 4. Nxd4 Nf6 5. Nc3 Nc6 6. Be3 Ng4 7. Bb5 Nxe3 8. fxe3 Bd7 9. 0-0 e6 10. Bxc6 bxc6 11. Qf3 Qf6 12. Qe2 Qg5 13. Rf3 e5 14. Nxc6 Bxc6 15. Qa6 Bd7 16. Nd5 Qd8 17. Qb7 Rc8 18. Raf1 f6 19. Rxf6 gxf6 20. Nxf6+ Ke7 21. Nd5+ Ke8 22. Nf6+ Qxf6 23. Rxf6 Be7 24. Rf2 Bg5 25. Qxa7 Ke7 26. Rd2 Rhf8 27. Qa3 Rf6 28. Qd3 Bb5 29. Qxb5 Bxe3+ 30. Kh1 Bxd2 31. Qb7+ Kd8 32. h4 Rxc2 33. Qxh7 Rxb2 34. Kh2 Bf4+ 35. Kh3 Re2 36. h5 Re3+ 37. Kh4 Rg3 38. a4 Rh6 39. Qxh6 Bxh6 40. Kxg3 Bd2 41. Kg4 Ke7 42. Kf5 Kf7 43. g4 Ke7 44. g5 d5 45. h6 Kf8 46. exd5 e4 47. Kxe4 Bxg5 48. d6 Ke8 49. h7 Bf6 50. Kf5 Bc3 51. Ke6 Kd8 52. a5 Kc8 53. a6 Kb8 54. d7 1-0

[Event "St Petersburg Summer op"]
[Site "St Petersburg"]
[Date "2017.08.16"]
[Round "1"]
[White "Sviridov, Leon"]
[Black "Shidlovskiy, Artemiy"]
[Result "0-1"]
[WhiteElo "1450"]
[BlackElo "2088"]
[PlyCount "58"]
[EventDate "2017.08.16"]
[EventType "swiss"]
[EventRounds "9"]
[EventCountry "RUS"]
[SourceTitle "CBM 180 Extra"]
[Source "ChessBase"]
[SourceDate "2017.10.06"]
[SourceVersion "1"]
[SourceVersionDate "2017.10.06"]
[SourceQuality "1"]

1. e4 c5 2. Nc3 Nc6 3. g3 g6 4. Bg2 Bg7 5. Nge2 e6 6. d3 Nge7 7. 0-0 0-0 8. Bg5 h6 9. Bd2 f5 10. f4 Nd4 11. e5 d6 12. exd6 Qxd6 13. Qe1 Nxc2 14. Qc1 Nxa1 15. Qxa1 Bd7 16. Bxb7 Rab8 17. Bg2 Bc6 18. Bxc6 Nxc6 19. b3 Qxd3 20. Qe1 Rbd8 21. Bc1 Nd4 22. Ba3 Nc2 23. Qc1 Nxa3 24. Qxa3 Bxc3 25. Nxc3 Qxc3 26. Rc1 Qe3+ 27. Kh1 Qf3+ 28. Kg1 Rd2 29. Rc2 Qd1# 0-1

[Event "St Petersburg Summer op"]
[Site "St Petersburg"]
[Date "2016.08.17"]
[Round "1"]
[White "Shidlovskiy, Artemiy"]
[Black "Kuzmin, Yuriy"]
[Result "1/2-1/2"]
[WhiteElo "1884"]
[BlackElo "2275"]
[PlyCount "54"]
[EventDate "2016.08.17"]
[EventType "swiss"]
[EventRounds "9"]
[EventCountry "RUS"]
[SourceTitle "CBM 174 Extra"]
[Source "ChessBase"]
[SourceDate "2016.10.10"]
[SourceVersion "1"]
[SourceVersionDate "2016.10.10"]
[SourceQuality "1"]

1. d4 d5 2. c4 c6 3. Nf3 Nf6 4. e3 Bf5 5. Qb3 Qb6 6. cxd5 Qxb3 7. axb3 Nxd5 8. Bd2 e6 9. Bc4 Bxb1 10. Rxb1 Bb4 11. Bxd5 Bxd2+ 12. Kxd2 exd5 13. Ne5 Nd7 14. Nd3 0-0-0 15. b4 a6 16. h4 Nf6 17. Rh3 Ne4+ 18. Ke2 Rhe8 19. g4 f6 20. Rg1 h6 21. Nc5 Re7 22. g5 hxg5 23. Nxe4 Rxe4 24. hxg5 f5 25. f4 Rde8 26. Kd3 g6 27. Ra1 Kc7 1/2-1/2